| 000 | 00740nam a2200217 a 4500 | ||
|---|---|---|---|
| 005 | 20210223120645.0 | ||
| 008 | 991125s1991 mx 000 0 spa u | ||
| 020 | _a9686177450 | ||
| 035 | _aUPN01000004951 | ||
| 049 | _aCG | ||
| 050 | 4 |
_aQP624 _bG3.2 |
|
| 100 | 1 | _aGallardo-Cabello, Manuel | |
| 245 | 1 | 0 |
_aAtrapados en la doble hélice : _bJames Watson y Francis Crick / _cManuel Gallardo-Cabello. |
| 260 |
_aMéxico : _bCNCA, Dirección General de Publicaciones : _bPangea, _c1991. |
||
| 300 | _a111 p. | ||
| 440 | 0 | _aViajeros del conocimiento | |
| 600 | 1 | 4 |
_aCRICK, FRANCIS, _d1916-2004 - _vLITERATURA JUVENIL _911345 |
| 600 | 1 | 4 |
_aWATSON, JAMES DEWEY, _d1928- - _vLITERATURA JUVENIL |
| 650 | 4 |
_aBIOLOGIA MOLECULAR _94945 |
|
| 905 | _aLibro | ||
| 999 |
_c4951 _d4951 |
||